000 00675nam a2200205 a 4500
005 20200104041602.0
008 160129t2005 xxu||||fr|||| 00| 0 spa d
020 _a9292250140
040 _aCO-BoIAVH
_cCO-BoIAVH
041 _aspa
082 4 _a630.711
_bI34t
245 4 _aThe Impact of trade liberalization on agricultural biological diversity
_bdomestic support measures and their effects on agricultural biological diversity
260 _aMontreal
_bCBD
_c2005
300 _a46 paginas.
_c28 x 22 cm.
490 0 _aCBD Technical Series ;
_v16
650 _aAgricultura
650 _aPolitica
_vAgricultura
942 _cLIBRO
_2ddc
945 _d2007-08-14
999 _c5757
_d5757